000
00392nam a22001697a 4500
003
MPLRDC
005
20220104142853.0
008
210129b ||||| |||| 00| 0 eng d
082
_a
177.2 CCM-3
100
_a
蔡聪明主编
245
_a
创业致富36计
_c
260
_a
_b
文国书局
_c
1983
300
_b
平
490
_a
工商圈丛书
650
_a
942
_c
BK
_o
177.2 CCM-3
999
_c
34389
_d
34379